| 000 | 01147nam a2200313Ia 4500 | ||
|---|---|---|---|
| 001 | Z_1646 | ||
| 003 | CHAP | ||
| 008 | 220113s1980 xx 000 0 und d | ||
| 010 | _a164736 | ||
| 040 | _cCHAP | ||
| 082 | _a636.5063 C64 1980 | ||
| 111 |
_aConferencias Internacionales sobre Avicultura. Ciclo (5 : junio 1980 : México, D. F.) _9138818 |
||
| 245 |
_aPonencias / _cColegio de Posgraduados y Instituto Nacional de Investigaciones Pecuarias |
||
| 260 |
_aMéxico : _bSARH. , Colegio de Posgraduados, Instituto Nacional de Investigaciones Pecuarias, _c1980 |
||
| 300 | _a134 p. | ||
| 500 | _aXXV Aniversario del Departamento de Avicultua INIP | ||
| 503 | _aej.1: ? | ||
| 504 | _aIncluye bibliografía e índice | ||
| 650 |
_aAves de corral _xCongresos _9138819 |
||
| 650 |
_aAvicultura _xCongresos _98719 |
||
| 710 |
_aColegio de Posgraduados \ Instituto Nacional de Investigaciones Pecuarias _9138820 |
||
| 711 |
_aConferencias Internacionales sobre Avicultura. Ciclo (5 : junio 1980 : México, D. F.) _9138818 |
||
| 901 | _a636.5063 C64 1980 | ||
| 902 | _aM | ||
| 910 | _a1980 | ||
| 942 | _c1 | ||
| 942 | _cc1 | ||
| 999 |
_c164736 _d164736 |
||